| 000 | 01188nam a2200325 a 4500 | ||
|---|---|---|---|
| 003 | CBULib | ||
| 005 | 20260515095754.0 | ||
| 008 | 120416s1992 ||||||||||||||||| || u | ||
| 020 | _a0521389518 | ||
| 040 |
_bEnglish _cCBULib _erda |
||
| 050 | _aQH 541 Cha | ||
| 100 |
_aChapman, J. L. _95492 |
||
| 245 | 1 | 0 |
_aEcology : principles and applications _c/ by J. L. Chapman and M. J. Reiss |
| 250 | _aLow price | ||
| 260 |
_aCambridge : _bCambridge University Press, _c1992 |
||
| 300 | _aix, 294 pages : illustrations | ||
| 336 |
_2rdacontent _aText | _btxt |
||
| 337 |
_2rdamedia _aUnmediated | _bn |
||
| 338 |
_2rdacarrier _aVolume _bnc |
||
| 650 | 0 |
_aECOLOGY _95493 |
|
| 700 |
_aReiss, M. J. _95494 |
||
| 942 |
_2lcc _c002 |
||
| 999 |
_c86705 _d86705 |
||